Comedias de Tirso de Molina (Registro nro. 73911)

Detalles MARC
000 -ENCABEZADO
Número de control [NR] 00748nam a2200217Ia 4500
008 - DE LONGITUD FIJA DE DATOS DE ELEMENTOS - INFORMACIÓN GENERAL
Elementos de longitud fija [NR] 130821s1906 sp gr spa
040 ## - FUENTE DE CATALOGACION [NR]
Agencia de catalogación original [NR] Co-BoUCM
Idioma de catalogación [NR] spa
041 00 - CODIGO DE IDIOMA [R]
Código de idioma para texto/pista de sonido o título separado [R] Español
100 1# - ASIENTO PRINCIPAL--NOMBRE PERSONAL [NR]
Nombre personal [NR] Molina, Tirso de
245 10 - MENCION DE TITULO [NR]
Título [NR] Comedias de Tirso de Molina
Mención de responsabilidad, etc. [NR] Tirso de Molina ; colección ordenada e ilustrada por Emilio Cotarelo y Mori
260 ## - PUBLICACION, DISTRIBUCION, ETC. (PIE DE IMPRENTA) [R]
Lugar de publicación, distribución, etc. [R] Madrid (España)
Nombre del editor, distribuidor, etc. [R] Bailly Bailliere
Fecha de publicación, distribución, etc. [R] 1906
300 ## - DESCRIPCION FISICA [R]
Extensión [R] 2 volúmenes
490 #0 - MENCION DE SERIE [R]
Mención de serie [R] Nueva Biblioteca de Autores Españoles
500 ## - NOTA GENERAL [R]
Nota general [NR] Incluye índice.
650 ## - ASIENTO SECUNDARIO DE MATERIA - TERMINO TEMATICO [R]
Término temático o nombre geográfico como elemento de entrada [NR] Literatura española
Subdivisión de forma [R] Teatro
9 (RLIN) 7793
650 ## - ASIENTO SECUNDARIO DE MATERIA - TERMINO TEMATICO [R]
Término temático o nombre geográfico como elemento de entrada [NR] Literatura
9 (RLIN) 18599
650 ## - ASIENTO SECUNDARIO DE MATERIA - TERMINO TEMATICO [R]
Término temático o nombre geográfico como elemento de entrada [NR] Teatro español
9 (RLIN) 398
700 1# - ASIENTO SECUNDARIO - NOMBRE PERSONAL [R]
Nombre personal [NR] Cotarelo y Mori, Emilio
942 ## - ELEMENTOS DE ENTRADA AGREGADOS (KOHA)
Tipo de ítem principal el descrito en 300a Libro
Tema principal Literatura
Edición 1
Parte restante de la signatura top. M722c
Sistema de clasificación DEWEY
Clasificación 862.33
Existencias
Fecha de último préstamo Signatura topográfica Código de barras Última vez visto Volúmen / Fascículo Ejemplar Price effective from Tipo de ítem Perdido Sistema de clasificación Dañado No prestable Tipo de ítem específico Suprimido Ubicación habitual Ubicación actual Localización Fecha de creación Forma de adquisición Costo
05/08/2011 862.33 M722c 100116377 01/12/2025 V.1 Ej.1 03/02/2013 Libro   DEWEY     Libro   Fundación Cardioinfantil Fundación Cardioinfantil 1er piso 28/02/2013 Donación 26000.00
05/08/2011 862.33 M722c 100116378 01/12/2025 V.2 Ej.1 03/02/2013 Libro   DEWEY     Libro   Fundación Cardioinfantil Fundación Cardioinfantil 1er piso 28/02/2013 Donación 26000.00